Dovolenka v roku 2013
Základná výmera dovolenky za kalendárny rok. Dodatková dovolenka. Určenie čerpania dovolenky zamestnancovi. Dovolenka za kalendárny rok alebo jej pomerná časť. Dovolenka za odpracované dni. Dôvody krátenia dovolenky za kalendárny rok. Dôvody na prerušenie dovolenky. Náhrada mzdy za nevyčerpanú dovol...
Gespeichert in:
| 1. Verfasser: | |
|---|---|
| Format: | Buchkapitel |
| Sprache: | Slowakisch |
| Schlagworte: | |
| Tags: |
Keine Tags, Fügen Sie das erste Tag hinzu!
|
MARC
| LEADER | 00000naa a2200000 4500 | ||
|---|---|---|---|
| 001 | 0169873 | ||
| 005 | 20231109104003.1 | ||
| 041 | 0 | |a slo | |
| 044 | |a SK | ||
| 245 | 1 | 0 | |a Dovolenka v roku 2013 |c Jolana Strýčková |
| 520 | |a Základná výmera dovolenky za kalendárny rok. Dodatková dovolenka. Určenie čerpania dovolenky zamestnancovi. Dovolenka za kalendárny rok alebo jej pomerná časť. Dovolenka za odpracované dni. Dôvody krátenia dovolenky za kalendárny rok. Dôvody na prerušenie dovolenky. Náhrada mzdy za nevyčerpanú dovolenku. | ||
| 610 | 2 | 0 | |a zákonník práce |
| 610 | 2 | 0 | |a dovolenka |
| 610 | 2 | 0 | |a náhrada mzdy |
| 610 | 2 | 0 | |a zamestnanci |
| 610 | 2 | 0 | |a zamestnávatelia |
| 100 | 1 | |a Strýčková, Jolana | |